000 00976nam a22002297a 4500
999 _c8696
_d8696
003 AR-CdUCM
008 190325b ||||| |||| 00| 0 spa d
020 _a980-6468-48-1
040 _aMUNICIPALIDAD PROVINCIAL DEL CUSCO
_cBIBLIOTECA MUNICIPAL DEL CUSCO
082 _a301 /
_bAM523
100 _aAmodio, Emanuele
_924291
245 _aPautas de crianza entre los pueblos indígenas de Venezuela :
_bJivi, Piaroa, Ye´kuana, Añú, Wayuu y Warao /
260 _aCaracas :
_bEditorial La Primera Prueba,
_c2005.
300 _a529 páginas ;
_bMapas, Imágenes,
_c23 cm.
505 _aContenido: Identidad, desarrollo infantil y pautas de crianza: Perspectivas teóricas y metodológicas -- Pautas de crianza entre los jivi -- Pautas de crianza entre los piaroa...
650 _aIndígenas venezolanos
_924292
650 _aTradición
_92713
650 _aCultura Venezuela
_924293
650 _aEtnografia pueblos venezolanos
_924294
942 _2ddc
_cLIBROS
945 _adavv